Costumbres Jurd̕icas en las Pithiusas

Bibliographic Details
Main Author: Cerd ̀Gimeno, Još
Format: eBook
Language:Spanish
Published: Madrid : Dykinson, 2011
Subjects:
Online Access:Acceso restringido

MARC

LEADER 00000nam a22000007a 4500
005 20120921135524.0
007 cr|||| ||||
008 120921s2011 sp |||||s|||| 00||0 spa d
020 |a 978-84-15454-94-6 
035 |a 6304 
040 |a vLex 
090 |c 3457  |d 3457 
100 1 |a  Cerd ̀Gimeno, Još 
245 1 0 |a Costumbres Jurd̕icas en las Pithiusas  |h [Recurso electrn̤ico] /  |c Jos ̌Cerd ̀Gimeno  
256 |a Servicio en ln̕ea 
260 |a Madrid :  |b Dykinson,  |c 2011 
300 |a 1 recurso electrn̤ico 
506 1 |a Contenido solo disponible en los productos indicados  |d vLex Global   |d vLex Global (Academic Edition, excluding Law Schools)   |d vLex Global (U.S. Academic Edition, Law Schools)   |d vLex Global (U.S. Academic Edition, excluding Law Schools)   |d vLex Global (Academic Edition, Law Schools)  
650 0 4 |a Jurisprudencia 
740 0 |a vLex Libros (Servicio en ln̕ea) 
856 4 0 |u http://vlex.com/source/costumbres-juridicas-pithiusas-6304  |z Acceso restringido 
942 |c BOOK 
999 0 |a Jurisprudence